Fr. Conceicao Rodrigues College of Engineering

Prolog-Programming for Artificial Intelligence (Record no. 30571)

MARC details
000 -LEADER
fixed length control field 00407nam a2200181Ia 4500
082 ## - DEWEY DECIMAL CLASSIFICATION NUMBER
Classification number 006.3/BRA
Item number BRA
100 ## - MAIN ENTRY--PERSONAL NAME
Personal name Bratko/Ivan
250 ## - EDITION STATEMENT
Edition statement 3
245 ## - TITLE STATEMENT
Title Prolog-Programming for Artificial Intelligence
260 ## - PUBLICATION, DISTRIBUTION, ETC.
Name of publisher, distributor, etc. Pearson Education
Place of publication, distribution, etc. Mumbai
Date of publication, distribution, etc. 2001
366 ## - TRADE AVAILABILITY INFORMATION
Publishers's discount category 20
300 ## - PHYSICAL DESCRIPTION
Extent 678
546 ## - LANGUAGE NOTE
Language note ENGLISH
650 ## - SUBJECT ADDED ENTRY--TOPICAL TERM
Topical term or geographic name entry element Artificial Intelligence
654 ## - SUBJECT ADDED ENTRY--FACETED TOPICAL TERMS
Focus term prolog
942 ## - ADDED ENTRY ELEMENTS (KOHA)
Koha item type BOOK
Holdings
Withdrawn status Lost status Damaged status Not for loan Collection Home library Current library Date acquired Source of acquisition Cost, normal purchase price Inventory number Total Checkouts Full call number Barcode Date last seen Cost, replacement price Price effective from Koha item type Date due Date last checked out
        CRC Fr. Agnel's C.Rodrigues College of Engineering Fr. Agnel's C.Rodrigues College of Engineering 17/03/2023 S.Chand & Company Ltd. 465.00 1961 dt 08/10/2007   006.3/BRA BRA 17960 17/03/2023 485.00   BOOK    
        CRC Fr. Agnel's C.Rodrigues College of Engineering Fr. Agnel's C.Rodrigues College of Engineering 17/03/2023 S.Chand & Company Ltd. 465.00     006.3/BRA BRA 17962 17/03/2023 485.00   BOOK    
        CRC Fr. Agnel's C.Rodrigues College of Engineering Fr. Agnel's C.Rodrigues- College of Engineering 17/03/2023 S.Chand & Company Ltd. 465.00   1 006.3/BRA BRA 17961 05/06/2023 485.00   BOOK 15/09/2009 05/06/2023